| 000 | 00613cam a2200193 4500500 | ||
|---|---|---|---|
| 005 | 20260405003955.0 | ||
| 041 | _afre | ||
| 042 | _adc | ||
| 100 | 1 | 0 |
_aPastorini, Chiara _eauthor |
| 245 | 0 | 0 | _a“Peut-on être méchant sans le vouloir ?” |
| 260 | _c2025. | ||
| 500 | _a16 | ||
| 690 | _aChiara Pastorini | ||
| 690 | _aEnfant | ||
| 690 | _aMéchanceté | ||
| 690 | _aPhilosopher avec les enfants | ||
| 786 | 0 | _nPhilosophie magazine | 194 | 11 | 2025-11-01 | p. 159-160 | 1951-1787 | |
| 856 | 4 | 1 | _uhttps://shs.cairn.info/magazine-philosophie-magazine-2025-11-page-159?lang=fr&redirect-ssocas=7080 |
| 999 |
_c2072565 _d2072565 |
||